00342nam a2200133Ia 4500008004100000041000800041082001400049100001400063245004500077250001400122260004100136300002400177365000700201240624s9999 xx 000 0 und d aeng a658.7 DAT aDATTA A K aMATERIALS MANAGEMENT INVENTORY CONTROL A a(2nd ed.) c2001aMumbaibJaico Publishing House a311 : p. : cm. ; 22 cRS